|
|
|
|
| LEADER |
00767nam a22001931 4500 |
| 001 |
c000197766 |
| 003 |
CARM |
| 005 |
20021125001800.0 |
| 008 |
851003s1972 ag 1 spa d |
| 019 |
1 |
|
|a 3989346
|5 LACONCORD2021
|
| 035 |
|
|
|a (OCoLC)217189342
|5 LACONCORD2021
|
| 245 |
0 |
4 |
|a Los Personajes de sabato :
|b por Helmy F.Giacoman y otros. Introduccion y seleccion por H.F.Giacoman.
|
| 260 |
|
|
|a Buenos Aires :
|b Emece,
|c 1972.
|
| 600 |
1 |
0 |
|a Sábato, Ernesto,
|d 1911- .
|t Túnel.
|
| 700 |
1 |
|
|a Giacoman, Helmy Fuad.
|
| 852 |
8 |
|
|b CARM
|h A2:AL15A0
|i A03215
|p 0290254
|f BK
|
| 082 |
0 |
4 |
|a 863.6
|
| 999 |
f |
f |
|i c132c00a-79ff-557f-8b4a-7b3aba1a384a
|s 26806ace-a557-538c-bc21-62f2c9e54ad8
|
| 952 |
f |
f |
|p Can circulate
|a CAVAL
|b CAVAL
|c CAVAL
|d CARM 1 Store
|e A03215
|f A2:AL15A0
|h Other scheme
|i book
|m 0290254
|